Les 50 ... Personnages One Piece - Statistiques

Statistiques générales
  • Ce quiz a été pris 83 fois
    46 depuis la dernière actualisation
  • Le résultat moyen est 37 sur 50
Statistiques - réponses
Par images Réponse % Correct
Monkey D Luffy
100%
Franky
93%
Koby
93%
Monkey D. Garp
93%
Nami
93%
Nico Robin
93%
Roronoa Zoro
93%
Sanji Vinsmoke
93%
Shanks
93%
Tony-Tony Chopper
93%
Usopp
93%
Brook
90%
Jinbe
90%
Trafalgar D.Water Law
90%
Boa Hancock
88%
Crocodile
88%
Edward Newgate
88%
Kaido
88%
Marshall D. Teach
88%
Portgas D. Ace
88%
Sabo
88%
Alvida
86%
Bartolomeo
86%
Cavendish
86%
Kuzan Aokiji
86%
Morgan
86%
Zeus
83%
Scratchmen Apoo
79%
Benn Beckmann
76%
Lucky Roo
76%
Makino
76%
Uta
76%
Yasopp
76%
Catarina Devon
74%
Figarland Shamrock
74%
Jango
74%
Jesus Burgess
74%
Van Augur
71%
Avalo Pizarro
67%
Doc Q
67%
Shiliew
62%
Higuma
55%
Yosaku
50%
Suleiman
36%
Limejuice
33%
Building Snake
24%
Gambia
19%
Howling Gab
19%
Hongo
17%
Kojuro
5%
Aucun quiz correspondant
Distribution des résultats
% des personnes avec chaque résultat
Percentile par nombre de réponses
Votre historique - résultats
Vous n’avez pas pris ce quiz depuis la dernière actualisation